Responses for show #4327 - Tuesday, May 27, 2003

Contestants

Hope Weinman, an administrative assistant from Marshfield, Massachusetts

Joal Hetherington, a freelance editor and writer from Kittery, Maine

Bronson Messer, an astrophysicist from Knoxville, Tennessee (whose 1-day cash winnings total $1,999)

Jeopardy! Round responses

HAWAII
BRANDED
LET'S HAVE A CONFERENCE
ASTRONOMY'S GREATEST HITS
DIVINE COMEDIES
STUFF FROM HIGH SCHOOL ENGLISH
    $200 30
when they leave & when they arrive

Bronson
    $200 21
Band-Aid

Hope
    $200 14
Civil War

Joal
    $200 1
planet

Bronson
    $200 8
Sister Act

Bronson
    $200 3
theme

Joal
    $400 29
"The Aloha State"

Joal
    $400 22
the Charmin

Bronson
    $400 15
Richard M. Nixon

Joal
    $400 2
Jupiter

Joal
    $400 10
Angels in the Outfield

Joal
    $400 4
as or like

Joal
    $600 26
King Kamehameha

Bronson
    $600 23
(Alex: Minute to go.)

Allstate

Bronson
    $600 16
(Bronson: What is the Southwest Athletic Conference?)

Southwestern Athletic Conference

Bronson
Triple Stumper
    $600 9
Halley's Comet

Hope
    $600 11
Heaven Can Wait

Hope
    $600 5
meter

Joal
    $800 27
Sandwich Islands

Joal
    $800 24
Bounty

Joal
    $800 17
Southern Christian Leadership Conference

Bronson
    $800 18
solar eclipse

Joal
    $800 12
Oh, God! You Devil

Joal
    $1,000 6
run-on sentence

Joal
    $1000 28
James Dole

Bronson
    $1000 25
Ace

Bronson
    $1000 19
IMF (International Monetary Fund)

Bronson
    $1000 20
asteroid

Joal
    $1000 13
Nuns on the Run

Triple Stumper
    $1000 7
foreshadowing

Bronson

Scores at the first commercial break (after clue 15):

Bronson Joal Hope
$1,400 $4,400 $1,200

Scores at the end of the Jeopardy! Round:

Bronson Joal Hope
$6,400 $8,200 $1,400

Double Jeopardy! Round responses

WORLD CAPITALS
(Alex: Good place to begin.)
NEW DELI
(Alex: Now that's a world capital!)
DOUBLIN'
STOCK HOME
SOUL
TYPE "A"
    $400 1
Lima

Joal
    $400 6
corned beef

Bronson
    $400 11
Miss America

Joal
    $400 16
NASDAQ

Hope
    $400 21
James Brown

Bronson
    $400 30
Abraham

Bronson
    $800 2
Mexico City

Joal
    $800 7
borscht

Joal
    $800 12
Myanmar (Burma)

Joal
    $800 17
koala

Bronson
    $800 22
"Queen of Soul"

Hope
    $800 29
(Bronson: What is antiseptic?)

antibiotic

BronsonHope
    $1200 3
(Bronson: What is Tokyo?)

Beijing (Peking)

Bronson
Triple Stumper
    $1200 8
julienne

Bronson
    $1200 13
Rockefeller

Triple Stumper
    $1200 18
Air Canada

Bronson
    $1200 23
Isaac Hayes

Bronson
    $1200 28
accelerator

Bronson
    $4,000 4
(Joal: What is Budapest?)

Kabul

Joal
    $1600 9
(Bronson: What is Dr. Brown?)
(Hope: What is Dr. Pepper?)

Dr. Brown's

BronsonHope
Triple Stumper
    $1600 14
(Bronson: Who is John Adams?)
....
(Alex: First time she didn't know she hadn't been divorced.)

Andrew Jackson

Bronson
Triple Stumper
    $2,000 19
Rolls-Royce

Bronson
    $1600 24
(Alex: We have a minute to go.)

The Miracles

Triple Stumper
    $1600 27
Alfred

Bronson
    $2000 5
Warsaw

Bronson
    $2000 10
(Bronson: What is lox?)

nova (Nova Scotia)

BronsonJoal
    $2000 15
St. Ignatius Loyola

Bronson
    $2000 20
Charles Schwab

Bronson
    $2000 25
Sly and the Family Stone

Hope
    $2000 26
aerobic

Hope

Scores at the end of the Double Jeopardy! Round:

Bronson Joal Hope
$15,600 $9,400 $5,800

[wagering suggestions for these scores]

Final Jeopardy! Round responses

CLASSIC LITERATURE
HopeWhat is Les Miserables
$5,800
JoalWhat is The Hunchback of Notre Dame
$6,201
BronsonWhat is The Hunchback of Notre Dame?
$3,201
The Hunchback of Notre Dame

Final scores:

Bronson Joal Hope
$18,801 $15,601 $0
2-day champion: $20,800 2nd place: $2,000 3rd place: $1,000

Game dynamics:

Coryat scores:

Bronson Joal Hope
$15,200 $13,200 $5,800
24 R
(including 1 DD),
6 W
20 R
(including 1 DD),
1 W
(including 1 DD)
8 R,
1 W

Combined Coryat: $34,200

The J! Archive is created by fans, for fans. The Jeopardy! game show and all elements thereof, including but not limited to copyright and trademark thereto, are the property of Jeopardy Productions, Inc. and are protected under law. This website is not affiliated with, sponsored by, or operated by Jeopardy Productions, Inc. Join the discussion at JBoard.tv.